Who made 'Question' - Statistics

General Stats
  • This quiz has been taken 10 times
  • The average score is 3 of 10
Answer Stats
Hint Answer % Correct
Why United Kingdom broke up? Scotland, Wales, England and Northern Irelandhas gained {independence}.
100%
Why is Poland is in Western and Eastern? Warsaw is a capital city of {Poland}.
88%
IDK IDK
50%
They had 'Slovakia' who had a biggest enemy for? Russia
38%
Why Portugal and India hate eachother? Goa dispect
13%
IDK Great!
13%
IDK More good!
13%
What some do 'Z' countries for? Zambia, Zimbabwe
13%
Why is United States had so much 'School Shooting'? An school shooting most for the state of the US
0%
The country of own, is a cortmical the despectly what happens next? Pofo-cad-a
0%
No matching quizzes found
Score Distribution
Percent of People with Each Score
Percentile by Number Answered
Your Score History
You have not taken this quiz